| 000 | 01264cam a2200253 4500 | ||
|---|---|---|---|
| 001 | ABS62653 | ||
| 008 | 000000n2000 000 0 eng u | ||
| 035 | _a(Sirsi) u107378 | ||
| 100 | _aEvans, B. | ||
| 245 | 2 | _aA taxing question | |
| 260 | _c2000 | ||
| 490 |
_aTown & Country Planning _v69(7/8) July/August 2000, 216-217(2) |
||
| 520 | _aOutlines the aims and recommendations of a seminar-based study examining the contribution of economic instruments in support of planning policy, and in particular housing development. Seminar discussions focussed on securing housing development from greenfield to brownfield land, and exploring the options for ensuring environmental costs of new development through the use of economic instruments. References. "A taxing question: the contribution of economic instruments of planning objectives" Price £7.50. Tel. 020 7930 8903 Email: [email protected] | ||
| 590 | _aABS | ||
| 650 | _aPLANNING POLICY | ||
| 650 | _aHOUSING DEVELOPMENT | ||
| 650 | _aECONOMIC INSTRUMENTS | ||
| 650 | _aENVIRONMENTAL COSTS | ||
| 650 | _aTAXATION POLICY | ||
| 650 | _aURBAN TASK FORCE | ||
| 650 | _aTOWN AND COUNTRY PLANNING ASSOCIATION | ||
| 690 | _aENVIRONMENTAL AND LAND CONSULTANCY-PLANNING AND DEVELOPMENT | ||
| 942 | _n0 | ||
| 999 |
_c64204 _d64204 |
||